La musique des années 1990 - Statistiques

Statistiques générales
  • Ce quiz a été pris 209 fois
  • Le résultat moyen est 15 sur 20
Statistiques - réponses
Indice Réponse % Correct
Interprète de Désenchantée, immense succès des années 90 Mylène Farmer
94%
Chanson de Johnny Hallyday où “une étincelle” suffit à tout déclencher Allumer le feu
93%
Chanteuse révélée à la fin des années 90 avec …Baby One More Time Britney Spears
88%
Tube d’Axelle Red avec le refrain “J’aime, j’aime tes yeux” Sensualité
86%
Film dont My Heart Will Go On est la chanson principale Titanic
86%
Complétez les paroles de cette chanson de Gérard de Palmas: "Car j'étais sur la route toute la ______ _______" Sainte journée
82%
Groupe irlandais connu pour le titre Zombie The Cranberries
79%
Chanteur auteur du tube Savoir aimer Florent Pagny
78%
Chanteur auteur du tube Foule sentimentale Alain Souchon
77%
Comédie musicale française à l’origine du tube Belle Notre-Dame de Paris
77%
Chanteur français à l'origine du tube La corrida Francis Cabrel
76%
Groupe britannique à l’origine du tube Wonderwall Oasis
76%
Interprète de La Tribu de Dana Manau
75%
Émission de Nagui qui présente des artistes rock au grand public Taratata
75%
Chanteur algérien ayant interprété Aïcha Khaled
74%
Chanteur français ayant remporté un bracelet de poker en 1998 Patrick Bruel
71%
Tube culte de soirée du groupe toulousain Zebda Tomber la chemise
67%
Chanteuse française donnant son prénom à un sitcom à succès des années 90 Hélène
52%
Tube de Fool's Garden, nommé d’après un arbre fruitier Lemon Tree
49%
Album culte de rap français sorti en 1997 par le groupe IAM L'école du micro d'argent
30%
Aucun quiz correspondant
Distribution des résultats
% des personnes avec chaque résultat
Percentile par nombre de réponses
Votre historique - résultats
Vous n’avez pas pris ce quiz